| 000 | 00877nam a22002057a 4500 | ||
|---|---|---|---|
| 003 | OSt | ||
| 005 | 20160620110045.0 | ||
| 008 | 150409b2011 slv spa | ||
| 040 | _cBMC | ||
| 082 | _a657 | ||
| 100 | 1 |
_934585 _aMorán Guardado, Iris Arely |
|
| 245 | 1 | 0 |
_aPasantía de asistente contable y de compras, Inversiones Hospitalarias S.A. de C.V. _b: Informe final _cIris Arely Morán Guardado |
| 260 |
_aSanta Ana (El Salvador) _bUniversidad Católica de El Salvador _c2011 |
||
| 300 |
_a1 v. (pág. var.) _bil. _c28 cm _e+ 1 disco compacto |
||
| 500 | _aPrecede al tít.: Universidad Católica de El Salvador, Facultad de Ciencias Empresariales | ||
| 502 | _aPara optar al grado de Licenciatura en Contaduría Pública | ||
| 650 | 2 | 4 |
_9877 _aContabilidad |
| 710 | 2 |
_91067 _aUniversidad Católica de El Salvador _bFacultad de Ciencias Empresariales |
|
| 942 |
_2ddc _cTG |
||
| 999 |
_c21098 _d21098 |
||